| 000 | 00666nam a2200193 i 4500 | ||
|---|---|---|---|
| 001 | 68396 | ||
| 003 | ES-MaACL | ||
| 005 | 20250808034524.0 | ||
| 007 | t| | ||
| 008 | 960801s1845 sp ||||1| spa d | ||
| 040 |
_aCAM _bspa _cCAM |
||
| 100 | 1 |
_aGarcía de Gregorio, Eugenio. _954430 |
|
| 245 | 1 | 0 |
_aMemoria sobre la cuestión de si es aplicable la pena de muerte en delitos políticos / _credactada por Eugenio García de Gregorio Gonzalez. |
| 260 |
_aMadrid : _b[s.n.], _c1845 ( _fImprenta de Pedro Mora y Soler) |
||
| 300 |
_a22 p. ; _c22 cm. |
||
| 650 | 0 | 7 |
_aPena de muerte _2embne _915915 |
| 852 |
_aES-MaACL _jT-43-F-19 |
||
| 999 |
_c68396 _d68396 |
||